000 002780000a22000970004500
100 1 _aBrepohl, Dieter
245 1 0 _aMissions in the Latin American university
300 _aVol. 78, Num. 3 (Julio-Septiembre,1988), Páginas 12-15
773 0 _tLatin America Evangelist
942 _cANA
999 _c55134
_d55134